Thailand A-Z - Statistics

General Stats
  • This quiz has been taken 2,086 times
  • The average score is 14 of 24
Answer Stats
Hint Answer % Correct
B Capital city Bangkok
98%
E National animal Elephant
91%
C Biggest city in northern Thailand Chiang Mai
77%
L Bordering country Laos
77%
P Largest island Phuket
73%
J Country that invaded in 1941 Japan
72%
T Type of natural disaster that struck in 2004 Tsunami
71%
A Sea to the west Andaman Sea
68%
F Country warred against in 1940 France
67%
Y Type of hot and sour Thai soup Tom {Yam}
64%
Q Position held by Suthida Queen
62%
R Staple crop Rice
62%
S Most recent former name Siam
62%
M National sport Muay Thai
61%
V 50,000 U.S. troops were stationed in Thailand during this war Vietnam War
58%
W Word for a Buddhist temple Wat
57%
D Oldest political party (think of the U.S.) Democrat
56%
I Penisula on which Thailand sits Indochina
52%
G What B overlooks {Gulf} of Thailand
46%
N What is celebrated in Songkran? New Year
43%
U Major city in northern Thailand {Udon} Thani
41%
O Plant the Golden Triangle is famous for producing Opium
32%
K Dominant ethnic group in eastern Thailand Khmer
30%
H Major hill tribe Hmong
18%
No matching quizzes found
Score Distribution
Percent of People with Each Score
Percentile by Number Answered
Your Score History
You have not taken this quiz